Normal view MARC view
  • R. P. Baskaran,

Entry Personal Name

Number of records used in: 1

001 - CONTROL NUMBER

  • control field: 9338

003 - CONTROL NUMBER IDENTIFIER

  • control field: OSt

005 - DATE AND TIME OF LATEST TRANSACTION

  • control field: 20220105160437.0

008 - FIXED-LENGTH DATA ELEMENTS

  • fixed length control field: 220105|| aca||aabn | a|a d

040 ## - CATALOGING SOURCE

  • Original cataloging agency: OSt
  • Transcribing agency: OSt

100 ## - HEADING--PERSONAL NAME

  • Personal name: R. P. Baskaran,
  • Dates associated with a name: 1941

670 ## - SOURCE DATA FOUND

  • Source citation: Work cat.: (OSt): R. P. Baskaran, 1941, HANDBOOK of POINTS TO REMEMBER on EMPLOYMENT LAWS for the Human Resources & Administration Managers :
Pusat Sumber Maklumat Dato' Haji Sarmin Md Hussin, Akademi Kastam Diraja Malaysia, Melaka
Tel: 06-2331106 | Faks: 06-2313787